000 01522nam0a2200409 4500
001 RU\NLR\bibl\128044
005 20250617103715.0
010 _a5-85571-039-4
_91000
021 _aRU
_b2000-40609
_91866
035 _a(NLR Aleph) 000125443
090 _a715367
_c715367
100 _a20001204d2000 |||y0rusy50 ca
101 0 _arus
102 _aRU
105 _ay |||||||||
200 1 _aСиндромы и симптомы в урологической практике
_fВ. В. Ловцов, Н. В. Роговина
210 _aСаратов
_cСлово
_d2000
215 _a191,[2] с.
_d21
320 _aБиблиогр.: с. 191-192
606 0 _aСимптоматология в урологии
_92191506
_3RU\NLR\auth\661317358
606 0 _aМочеполовые органы
_xБолезни
_xСимптомы
_92191508
_3RU\NLR\auth\661317359
610 0 _aМочеполовая система - Болезни - Клиника
610 0 _aКлинические симптомы и синдромы
675 _a616.6-07
_v3
_zrus
686 _a76.29
_2rugasnti
686 _a56.9
_2rubbk
686 _aР341.69
686 _aР696-32
700 1 _aЛовцов
_gВалентин Вячеславович
_4070
701 1 _aРоговина
_gНаталия Владимировна
_4070
801 0 _aRU
_bRKP
_c20001204
_gPSBO
801 1 _aRU
_bRKP
_c20001204
801 2 _aRU
_bNLR
_c20010202
_grcr
852 _aNLR
_j2000-3/17558
942 _cBOOK
980 _aNB